| 000 | 00794nam a22002537a 4500 | ||
|---|---|---|---|
| 003 | CHAP | ||
| 005 | 20220329140817.0 | ||
| 008 | 971013s r 00010 d | ||
| 010 | _a57995 | ||
| 011 | _a58967 | ||
| 035 | _a63124 | ||
| 040 | _cCHAP | ||
| 090 | _aR-2942 | ||
| 100 | 0 | 0 |
_aAlderman, Harold. _93704 |
| 245 |
_aAllocation of goods through non-price mechanisms _b: evidend on distribution by Willingness to Wait |
||
| 500 | _aSobretiro de : Journal of Development Economies 25 (1) : 105-124, 1987 | ||
| 590 |
_aBATCH-UPD _b10 _c20130110 _lUCH01 _h0004 |
||
| 590 |
_aBATCH-UPD _b10 _c20130110 _lUCH01 _h1816 |
||
| 590 |
_aCONVERSION _b10 _c20130109 _lUCH01 _h1331 |
||
| 650 | 1 | 4 |
_aMercadeo. _974880 |
| 901 | _aBK | ||
| 942 | _cREIMP | ||
| 949 |
_aR-2942 _bBC _cR _d-135411 _eTS1 _i63124 _si |
||
| 999 |
_c57995 _d57995 |
||